dinosaurro ou não? - Statistics

Estatísticas Gerais
  • Esse quiz foi jogado 61 vezes
  • A pontuação média é 4 de 6
Answers on the Grid
Answers color-coded by a green-red scale on the quiz's grid according to % correct below.
braquiosaurro
minotauro
pyroraptor
touro
anquilosaurro
tripcerrasptor
triceraptor
tartaruga de galapagos
diformodonte
lula gigante
velociraptor
dragão de komodo
 
Estatísticas das Respostas
Resposta % Correto
braquiosaurro
90%
velociraptor
77%
anquilosaurro
73%
triceraptor
69%
pyroraptor
54%
diformodonte
46%
Nenhum quiz correspondente encontrado
Distribuição das Pontuações
Porcentagem de Pessoas com Cada Pontuação
Percentil de Números Respondidos
Sua Pontuação Histórica
Você não jogou esse quiz